Statistics for American Wars to US Presidents

Click here to take the quiz!

General Stats

  • This quiz has been taken 1,670 times
    (1,384 since last reset)
  • The average score is 10 of 13

Answer Stats

HintAnswer% Correct
F.D RooseveltWorld War II
98%
WilsonWorld War I
97%
LincolnAmerican Civil War
95%
G.W Bush and ObamaIraq War
95%
Eisenhower, Kennedy, L.B Johnson, Nixon, FordVietnam War
94%
G.W Bush and Obama, present warAfghanistan War
89%
TrumanKorean War
89%
2nd Continental CongressAmerican Revolution
80%
MckinleySpanish-American War
80%
MadisonWar of 1812
79%
Polk, TaylorMexican-American War
74%
G.H.W BushGulf War
65%
JeffersonFirst Barbary War
4%

Score Distribution

Percentile by Number Answered

Percent of People with Each Score

Your Score History

You have not taken this quiz since the last reset